| 000 | 00910 a2200241 4500 | ||
|---|---|---|---|
| 999 |
_c5135 _d5135 |
||
| 020 | _a1920029656 | ||
| 050 |
_aPZ8.1 _bMOT 2004 |
||
| 100 |
_aMotimele, Mabonchi Goodwill _eauthor |
||
| 245 |
_aThe mouth harp : _bEnglish additional language 10 / _cMabonchi Goodwill Motimele |
||
| 264 |
_aThohoyandou : _bKalahari Productions and Booksellers, _c2004. |
||
| 300 | _a71pages : | ||
| 336 |
_2rdacontent _atext _btxt |
||
| 337 |
_2rdamedia _aunmediated _bn |
||
| 338 |
_2rdacarrier _avolume _bnc |
||
| 500 | _aFolklore | ||
| 505 | _a1. The Triumph of Xhau and Bantu 2. Wisdom of the taunted girl 3. The mouth harp 4. The bad tempered boy 5. Nkateko and the python 6. The time that was | ||
| 520 | _aThe book is a collection of South African folklore. | ||
| 650 | _aTales. | ||
| 650 | _aFolklore | ||
| 650 | _aShort stories, South African (English) | ||
| 651 | _aSouth Africa | ||
| 942 |
_2lcc _cBK _h8.1 _iMOT _kPZ |
||